[Event "Challenge"]
[Site "http://www.queenalice.com/game.php?id=1484201"]
[Date "2017.6.29"]
[Round "-"]
[White "fjalves"]
[Black "Fera65"]
[Result "0-1"]
[WhiteElo "1737"]
[BlackElo "1808"]

1. e4 e5 2. Nf3 d6 3. Bc4 h6 4. Nc3 Nf6 5. d3 Be7 6. Be3 a6 7. O-O O-O 8. a3 Ng4
9. h3 Nxe3 10. fxe3 Bh4 11. Nd5 c6 12. Nb4 a5 13. Na2 b5 14. Bb3 a4 15. Bxf7+
Rxf7 16. Nxh4 Qxh4 17. Qd2 Be6 18. Rxf7 Bxf7 19. Rf1 Bxa2 20. d4 Qe7 21. d5 c5
22. c3 Nd7 23. b4 axb3 24. Kh2 Nb6 25. Qe2 Nc4 26. Qd3 b2 27. g3 Rxa3 28. h4 b4
29. Qc2 bxc3 30. Kh3 Nxe3 31. Qe2 Nxf1 32. Qxf1 b1=R 33. Qf5 Ra8 34. Kg4 Qf6 35.
Qe6+ Qxe6+ 36. dxe6 c2 37. e7 c1=Q 38. e8=Q+ Rxe8 0-1

[Event "Challenge"]
[Site "http://www.queenalice.com/game.php?id=1487907"]
[Date "2017.7.29"]
[Round "-"]
[White "WLAO"]
[Black "Fera65"]
[Result "0-1"]
[WhiteElo "1551"]
[BlackElo "1771"]

1. b3 e5 2. d4 d6 3. dxe5 d5 4. Bb2 Nc6 5. Nf3 Be6 6. g3 Qe7 7. Bg2 O-O-O 8. Ba3
Qd7 9. Bxf8 Rxf8 10. c3 Bg4 11. Nbd2 f6 12. exf6 Nxf6 13. O-O h6 14. Nh4 Re8 15.
Ndf3 Bh3 16. Bxh3 Qxh3 17. Ng2 Ne5 18. Qd4 Nxf3+ 19. exf3 Kb8 20. a4 Qf5 21. a5
a6 22. b4 Qd7 23. Nf4 Rhg8 24. Rfc1 Rgf8 25. Rab1 g5 26. Ng6 Rg8 27. Ne5 Qb5 28.
Ng6 Rxg6 29. Kg2 h5 30. Re1 Rxe1 31. Rxe1 Qc6 32. Qe5 Rg8 33. h3 Re8 34. Qxg5
Rxe1 35. Qg7 Qxc3 36. Qf8+ Ne8 37. b5 Qc4 38. b6 Qf1+ 39. Kh2 Qh1# 0-1

[Event "Challenge"]
[Site "http://www.queenalice.com/game.php?id=1495711"]
[Date "2017.9.21"]
[Round "-"]
[White "WLAO"]
[Black "Fera65"]
[Result "0-1"]
[WhiteElo "1604"]
[BlackElo "1778"]

1. b3 e5 2. d4 f6 3. dxe5 fxe5 4. Bb2 Nc6 5. e4 a6 6. Bc4 Nf6 7. Nd2 Bc5 8. Ngf3
h6 9. O-O d6 10. c3 Bg4 11. b4 Ba7 12. Qb3 Rf8 13. Nh4 Bh5 14. Nf5 g6 15. Nxh6
g5 16. Nf3 Nxe4 17. Bd5 g4 18. Bf7+ Bxf7 19. Nxf7 Rxf7 20. Nxe5 Nxe5 21. Qe6+
Qe7 22. Qg6 Nxg6 23. c4 O-O-O 24. Rad1 Qf8 25. Bd4 Bxd4 26. Rxd4 Nxf2 27. Rd2
Ne4 28. Rxf7 Qxf7 29. Rd1 Qf2+ 30. Kh1 Nh4 31. Rg1 Nxg2 32. Rxg2 Qf1+ 33. Rg1
Nf2# 0-1

[Event "OS INCLIVEIS"]
[Site "http://www.queenalice.com/game.php?id=1497077"]
[Date "2017.10.1"]
[Round "-"]
[White "Fera65"]
[Black "adelio"]
[Result "1-0"]
[WhiteElo "1787"]
[BlackElo "1241"]

1. e4 a6 2. d4 c5 3. Nf3 e6 4. e5 b5 5. a3 Bb7 6. Nc3 Bxf3 7. Qxf3 Nc6 8. Be3
Nxd4 9. Bxd4 cxd4 10. Ne4 Qa5+ 11. c3 b4 12. Ng5 Nh6 13. Qxa8+ Ke7 14. Be2 g6
15. O-O Bg7 16. Qe4 Bxe5 17. axb4 Qd5 18. Qxd5 exd5 19. Rxa6 Nf5 20. Nf3 Bf6 21.
cxd4 Nxd4 22. Nxd4 Bxd4 23. Rd1 Bxb2 24. Rxd5 Rc8 25. Rd1 Rc2 26. Bg4 f5 27.
Re1+ Kf7 28. Bd1 Rc3 29. b5 Rd3 30. b6 Kg7 31. b7 Bc3 32. Rf1 Bd4 33. b8=Q Rd2
34. Kh1 Bxf2 35. Bb3 Kh6 36. Qg8 d6 37. Bf7 g5 38. Ra2 Be3 39. Rxd2 Bxd2 40.
Rxf5 Bf4 41. Rf6# 1-0

[Event "OS INCLIVEIS"]
[Site "http://www.queenalice.com/game.php?id=1497134"]
[Date "2017.10.1"]
[Round "-"]
[White "adelio"]
[Black "Fera65"]
[Result "0-1"]
[WhiteElo "1239"]
[BlackElo "1789"]

1. d4 d5 2. e4 dxe4 3. Nc3 Bf5 4. f3 exf3 5. Qxf3 Bc8 6. Bc4 f6 7. Be3 Nc6 8.
Rd1 Nb4 9. Rd2 e6 10. Nge2 Ne7 11. O-O Nf5 12. Bf4 Bd6 13. Bxe6 Bxe6 14. Qxb7
O-O 15. Nb5 Bxf4 16. Rxf4 Nd5 17. Qc6 Nxf4 18. Nxf4 Bf7 19. Ne6 Qe7 20. Nbxc7
Rac8 21. Qd5 Rxc7 22. Qxf5 Bxe6 23. Qa5 Bg4 24. h3 Bc8 25. d5 Qe1+ 26. Kh2 Rxc2
27. Qxa7 Qxd2 28. Qg1 Qh6 29. Qf1 Bxh3 30. Kg1 Qe3+ 31. Kh1 Qd2 32. Kh2 Bxg2 33.
Qg1 Bxd5+ 34. Kg3 Qg5+ 35. Kh3 Qxg1 36. a4 Rh2# 0-1

[Event "Let's Play Chess!"]
[Site "http://www.queenalice.com/game.php?id=1498271"]
[Date "2017.10.10"]
[Round "-"]
[White "paolop69"]
[Black "Fera65"]
[Result "0-1"]
[WhiteElo "1892"]
[BlackElo "1791"]

1. e4 e5 2. Bc4 Nf6 3. d3 d5 4. Bb5+ Bd7 5. Bxd7+ Qxd7 6. Nd2 Bc5 7. h3 Qc6 8.
Ngf3 dxe4 9. Nxe5 Qd5 10. Nec4 O-O 11. Ne3 Qg5 12. O-O exd3 13. Nf3 Qh5 14. Nh2
Qe5 15. Nc4 Qd4 16. Qxd3 Nc6 17. Qxd4 Nxd4 18. c3 Ne2+ 19. Kh1 Ne4 20. Be3 N2g3+
21. fxg3 Nxg3+ 22. Kg1 Nxf1 23. Bxc5 Rfe8 24. Rxf1 Re2 25. Ng4 b6 26. Be3 b5 27.
Na5 h5 28. Ne5 Rxe3 29. Nxf7 Re2 30. Ng5 Rxb2 31. a3 Rd8 32. Ne6 Rdd2 33. Nf4 g5
34. Nb3 Rdc2 35. Nd4 Rxc3 36. Nfe2 Rxa3 37. Kh2 b4 38. Re1 c5 39. Nb5 Re3 40.
Nd6 Rbxe2 41. Rc1 Rc3 42. Ra1 b3 43. Nb5 Rcc2 44. Rg1 Re7 45. Na3 Ra2 46. Nb5 b2
47. Nc3 Ra1 48. Nd5 Rf7 49. Nc3 Rd7 50. Ne4 Rd4 51. Nf6+ Kf7 52. Nxh5 Rxg1 0-1

[Event "AUTO-ADV-3916"]
[Site "http://www.queenalice.com/game.php?id=1498576"]
[Date "2017.10.12"]
[Round "1"]
[White "talisman77"]
[Black "Fera65"]
[Result "0-1"]
[WhiteElo "1792"]
[BlackElo "1820"]

1. d4 d5 2. c4 dxc4 3. Nc3 Nf6 4. Nf3 Bf5 5. e3 e6 6. Bxc4 Bb4 7. O-O Qd6 8. h3
O-O 9. Ng5 h6 10. Nf3 Ne4 11. Nxe4 Bxe4 12. a3 Ba5 13. b4 Bb6 14. Bd2 c6 15. Be2
Bc7 16. g3 Nd7 17. Rc1 Nf6 18. Nh2 Rad8 19. Bf3 b6 20. Qb3 Bxf3 21. Nxf3 Ne4 22.
Be1 Rb8 23. Ne5 c5 24. Qb1 Ng5 25. h4 Nh7 26. Qc2 Rbc8 27. bxc5 bxc5 28. Bc3
cxd4 29. exd4 Bb6 30. Rfd1 Qxa3 31. Rd3 Qe7 32. Rb1 Nf6 33. Qb3 Ne4 34. Bb4 Qf6
35. Bxf8 Qxf2+ 36. Kh1 Rc2 37. Qxc2 Qxc2 38. Rf1 Nf2+ 39. Kg1 Nxd3 0-1

[Event "AUTO-ADV-3916"]
[Site "http://www.queenalice.com/game.php?id=1498577"]
[Date "2017.10.12"]
[Round "1"]
[White "Fera65"]
[Black "talisman77"]
[Result "0-1"]
[WhiteElo "1811"]
[BlackElo "1704"]

1. e4 c5 2. Bc4 e6 3. d3 Nc6 4. Nf3 g6 5. O-O Bg7 6. Bg5 Nge7 7. Nc3 O-O 8. Qd2
Kh8 9. Bh6 Bxh6 10. Qxh6 Ng8 11. Ne2 Nxh6 12. b3 d5 13. exd5 exd5 14. Bb5 Qf6
15. Rfe1 Bh3 16. g3 Qxf3 17. Nf4 Ng4 18. Re2 Nd4 19. Nxh3 Nxe2+ 0-1

[Event "AUTO-ADV-3916"]
[Site "http://www.queenalice.com/game.php?id=1498590"]
[Date "2017.10.12"]
[Round "1"]
[White "Sigmund"]
[Black "Fera65"]
[Result "1-0"]
[WhiteElo "1790"]
[BlackElo "1821"]

1. Nf3 Nc6 2. Nc3 d5 3. d4 e6 4. a3 Nf6 5. Bf4 Be7 6. h3 O-O 7. e3 a6 8. Bd3 h6
9. O-O Nh5 10. Be5 f6 11. Bg3 Bd6 12. Bxd6 Qxd6 13. Nh4 f5 14. Qxh5 Ne7 15. f4
c5 16. Rf3 Kh7 17. Rg3 Bd7 18. Ng6 Be8 19. Nxf8+ Kg8 20. Qxh6 g6 21. Nxg6 Nxg6
22. Rxg6+ Bxg6 23. Qxg6+ Kf8 24. Bxf5 Re8 25. Bg4 Re7 26. f5 Rg7 27. Qh6 Kg8 28.
f6 Rf7 29. Rf1 cxd4 30. Bh5 dxc3 31. Qg6+ 1-0

[Event "AUTO-ADV-3916"]
[Site "http://www.queenalice.com/game.php?id=1498591"]
[Date "2017.10.12"]
[Round "1"]
[White "Fera65"]
[Black "Sigmund"]
[Result "1-0"]
[WhiteElo "1804"]
[BlackElo "1807"]

1. e4 e5 2. Nf3 Nc6 3. Bc4 h6 4. d3 Nf6 5. d4 exd4 6. Nxd4 Nxe4 7. O-O d5 8. Bb5
Bd7 9. Re1 a6 10. Bxc6 bxc6 11. c4 Be6 12. Nxc6 Qd6 13. cxd5 Qxd5 14. Qa4 Bd7
15. Rxe4+ Be6 16. Ne5+ c6 17. Nc3 Qc5 18. Be3 Qd6 19. Nxc6 Rc8 20. Na7+ Qd7 21.
Qxd7+ Kxd7 22. Rd1+ Ke8 23. Bd4 h5 24. Ne2 Rc7 25. Nf4 Rh6 26. Bb6 Rd7 27. Rxd7
Kxd7 28. Rd4+ Bd6 29. Bc5 Bxa2 30. b4 h4 31. h3 g5 32. Nd3 Re6 33. f4 f6 34. f5
1-0

[Event "AUTO-ADV-3916"]
[Site "http://www.queenalice.com/game.php?id=1498600"]
[Date "2017.10.12"]
[Round "1"]
[White "Fera65"]
[Black "marcoswerneck"]
[Result "1-0"]
[WhiteElo "1791"]
[BlackElo "1821"]

1. e4 e5 2. Nf3 d6 3. Bc4 h6 4. d4 Bg4 5. h3 Bxf3 6. Qxf3 Qf6 7. Qa3 exd4 8. Qb3
b6 9. Bd5 c6 10. Bc4 Ne7 11. O-O Ng6 12. g3 Be7 13. Nd2 b5 14. Bd3 Ne5 15. f4
Ned7 16. e5 dxe5 17. fxe5 Qxe5 18. Ne4 Na6 19. Bf4 Qh5 20. h4 Nac5 21. Nxc5 Nxc5
22. Qa3 O-O 23. Rae1 Rfe8 24. c3 a5 25. Be2 Qf5 26. b4 axb4 27. Qc1 d3 28. Bd6
Qh3 29. Bxe7 dxe2 30. Rxe2 Qxg3+ 31. Rg2 Qe3+ 32. Qxe3 Ne6 33. Bf6 bxc3 34. Qxh6
Ra4 35. Bxg7 1-0

[Event "AUTO-ADV-3916"]
[Site "http://www.queenalice.com/game.php?id=1498601"]
[Date "2017.10.12"]
[Round "1"]
[White "marcoswerneck"]
[Black "Fera65"]
[Result "0-1"]
[WhiteElo "1762"]
[BlackElo "1835"]

1. e4 e5 2. a3 Nf6 3. d3 Bc5 4. h3 d5 5. Bg5 O-O 6. exd5 Be7 7. c4 Nxd5 8. Bd2
Nb6 9. Nc3 Be6 10. Nf3 e4 11. dxe4 Bxc4 12. Bxc4 Nxc4 13. Qc1 Nc6 14. O-O N4e5
15. Qd1 Qd3 16. Nxe5 Nxe5 17. Bf4 Qxd1 18. Raxd1 Nc4 19. Bxc7 Nxb2 20. Rb1 Rfc8
21. Rxb2 Bf6 22. Rxb7 Bxc3 23. Rfb1 g6 24. e5 Re8 25. f4 f6 26. R1b3 Bd4+ 27.
Kh2 fxe5 28. g3 e4 29. Be5 Bxe5 30. fxe5 Rxe5 31. Re3 a5 32. a4 Rd8 33. h4 Rd3
34. Rb8+ Kg7 35. Re1 e3 36. Kg2 Rd2+ 37. Kf3 e2 38. g4 h6 39. Rb7+ Kf8 40. Rb6
Kf7 41. Rb3 Red5 42. Rxe2 Rxe2 43. Kxe2 Rd4 44. Rb7+ Ke8 45. Rh7 Rxg4 46. Rxh6
Rxa4 47. Kf3 Kf7 48. Rh7+ Kf6 49. Kg3 Ra3+ 50. Kg4 Ra4+ 51. Kg3 g5 52. h5 Rh4
53. Rh6+ Kf5 54. Rh8 a4 55. h6 Kg6 56. Ra8 Kxh6 57. Ra6+ Kh5 58. Ra8 Rd4 59.
Rh8+ Kg6 60. Ra8 g4 61. Ra6+ Kf5 62. Ra5+ Ke6 63. Ra6+ Kd5 64. Ra5+ Kc6 65. Ra6+
Kb5 66. Ra8 Kb4 67. Rb8+ Ka3 68. Re8 Rb4 69. Re1 Ka2 70. Re2+ Rb2 71. Re4 a3 72.
Kxg4 Ka1 73. Kf3 Rc2 74. Re1+ Kb2 75. Re4 Rc3+ 76. Kf2 a2 77. Ra4 Ra3 78. Rb4+
Kc3 0-1

[Event "AUTO-OPEN-3869"]
[Site "http://www.queenalice.com/game.php?id=1502843"]
[Date "2017.11.10"]
[Round "1"]
[White "Fera65"]
[Black "ignacius_01"]
[Result "0-1"]
[WhiteElo "1904"]
[BlackElo "1358"]

1. e4 c5 2. Nf3 g6 3. Nc3 Bg7 4. Bc4 Nc6 5. Ng5 e6 6. O-O Qxg5 7. d4 Qe7 8. d5
Ne5 9. d6 Qd8 10. Nb5 Kf8 11. Qe2 a6 12. Nc7 Rb8 13. Bf4 Nxc4 14. Qxc4 Bxb2 15.
Rad1 Qh4 16. Bg3 Qg5 17. Rfe1 b5 18. Qe2 Be5 19. f4 Bxf4 20. Bxf4 Qxf4 21. Rf1
Qe5 22. Qf2 f6 23. Qh4 Bb7 24. a3 Kg7 25. Rf3 Qxe4 26. Qf2 Qe5 27. Re1 Qxd6 28.
Nxe6+ dxe6 29. Rd3 Qc6 30. Rf3 Qd6 31. Rf4 e5 32. Rh4 Nh6 33. g4 Qd5 34. Kf1
Qh1+ 35. Ke2 Qe4+ 36. Kf1 Qf3 37. Qxf3 Bxf3 38. Re3 Bxg4 0-1

[Event "AUTO-OPEN-3869"]
[Site "http://www.queenalice.com/game.php?id=1502844"]
[Date "2017.11.10"]
[Round "1"]
[White "ignacius_01"]
[Black "Fera65"]
[Result "1-0"]
[WhiteElo "1358"]
[BlackElo "1904"]

1. d4 Nf6 2. c4 d5 3. cxd5 Qxd5 4. Nc3 Qd8 5. a3 Bf5 6. Nf3 e6 7. Bg5 Be7 8.
Bxf6 Bxf6 9. e4 Bg6 10. e5 Bg5 11. Nxg5 Qxg5 12. g3 O-O 13. Bg2 c6 14. O-O Nd7
15. Re1 Rfd8 16. Be4 Nb6 17. Bxg6 Qxg6 18. Ne4 Nc4 19. b3 Nxe5 20. Nc5 Qf6 21.
Rxe5 Qe7 22. b4 b6 23. Nb3 a5 24. bxa5 f6 25. Re4 bxa5 26. Nc5 e5 27. Qa4 Qd6
28. Nb7 Qd5 29. dxe5 Rdb8 30. Rd1 Qa2 31. Nc5 Rb2 32. Rf1 Qd5 33. Qd4 f5 34.
Qxd5+ cxd5 35. Ra4 Rd2 36. Re1 d4 37. e6 d3 38. Rd4 Re2 39. Rxe2 dxe2 40. Nd3
Re8 41. Rd6 Kf8 42. f3 Ke7 43. Rd7+ Kxe6 44. Rxg7 Rd8 45. Ne1 Rd1 46. Kf2 Ra1
47. Rxh7 Rxa3 48. Ra7 Kd5 49. h4 Kd4 50. Nc2+ Kd3 51. Nxa3 1-0

[Event "AUTO-OPEN-3869"]
[Site "http://www.queenalice.com/game.php?id=1502845"]
[Date "2017.11.10"]
[Round "1"]
[White "Fera65"]
[Black "Emilov"]
[Result "1-0"]
[WhiteElo "1839"]
[BlackElo "2062"]

1. e4 e6 2. Nc3 d5 3. exd5 exd5 4. d4 Nf6 5. h3 Bb4 6. Bd2 O-O 7. a3 Ba5 8. Qf3
Re8+ 9. Be3 c5 10. b4 cxb4 11. axb4 Bc7 12. Bd3 Bb6 13. Nge2 Nc6 14. O-O Nxb4
15. Rfd1 Nxd3 16. Rxd3 Ne4 17. Nf4 Nxc3 18. Rxc3 Be6 19. Qg3 Qf6 20. Rd1 Rac8
21. Ra3 Rxc2 22. Rad3 Bf5 23. Nxd5 Qg6 24. Qh2 Qc6 25. Nb4 Qc4 26. Nxc2 Bxd3 27.
Ne1 Be2 28. Rc1 Qb4 29. Qf4 Qa5 30. Qd6 Rd8 31. Qe7 Qd5 32. Nc2 Qd7 33. Qh4 Rc8
34. Qe4 Rc6 35. d5 Rd6 36. Bxb6 axb6 37. Qxe2 Rxd5 38. Ne3 Re5 39. Rd1 Qe7 40.
Qd3 g6 41. Qd4 b5 42. Ng4 Rh5 43. Nf6+ 1-0

[Event "AUTO-OPEN-3869"]
[Site "http://www.queenalice.com/game.php?id=1502846"]
[Date "2017.11.10"]
[Round "1"]
[White "Emilov"]
[Black "Fera65"]
[Result "1-0"]
[WhiteElo "2023"]
[BlackElo "1848"]

1. e4 e5 2. Nf3 f6 3. Nc3 d6 4. Bc4 Ne7 5. d4 Nd7 6. O-O Nb6 7. Bb3 h6 8. a4 Bg4
9. dxe5 fxe5 10. h3 Bxh3 11. gxh3 Qd7 12. Be3 Qxh3 13. Nh2 Ng6 14. Qg4 Qxg4+ 15.
Nxg4 O-O-O 16. Bxb6 cxb6 17. Bd5 h5 18. Nh2 Nf4 19. Nf3 h4 20. Kh2 Be7 21. Rg1
Bf6 22. Rg4 Rdf8 23. Rag1 Be7 24. Rxg7 Nh5 25. Rg8 Nf6 26. Rxf8+ Bxf8 27. Ng5
Bh6 28. Nf7 Bf4+ 29. Kh3 Rh5 30. Nxd6+ Kd7 31. Nxb7 Kc7 32. Rg7+ Kb8 33. Nd6 a6
34. Rb7+ 1-0

[Event "OS INCLIVEIS"]
[Site "http://www.queenalice.com/game.php?id=1506583"]
[Date "2017.12.3"]
[Round "-"]
[White "adelio"]
[Black "Fera65"]
[Result "0-1"]
[WhiteElo "1501"]
[BlackElo "1902"]

1. d4 d5 2. e4 c6 3. e5 Bf5 4. g4 Bg6 5. h4 h5 6. Bg5 c5 7. e6 f5 8. Bb5+ Nc6 9.
dxc5 Qa5+ 10. Nc3 d4 11. Qxd4 Rd8 12. Qa4 Qc7 13. Nge2 a6 14. Bd3 Qe5 15. gxf5
Bxf5 16. Bxf5 Qxf5 17. Rd1 Rxd1+ 18. Nxd1 Qxe6 19. Kf1 Qd5 20. Nd4 Qxh1+ 21. Ke2
e5 22. Nxc6 Qxc6 23. Qa5 Be7 24. Ne3 Nf6 25. b4 O-O 26. Qa3 Bd8 27. Qb3+ Kh8 28.
Nf5 Qe4+ 29. Ne3 Ng4 30. Kd1 Rxf2 31. Qd3 Qh1+ 32. Nf1 Rxf1+ 33. Kd2 Rd1+ 34.
Kc3 Rxd3+ 35. cxd3 Bxg5 36. hxg5 Ne3 37. Kb3 Qc1 38. Ka4 Nd5 39. a3 Qd2 40. b5
Qb2 41. bxa6 bxa6 42. d4 Qb5# 0-1

[Event "AUTO-ADV-3916"]
[Site "http://www.queenalice.com/game.php?id=1515364"]
[Date "2018.2.10"]
[Round "2"]
[White "Paulsains"]
[Black "Fera65"]
[Result "0-1"]
[WhiteElo "1955"]
[BlackElo "1904"]

1. e4 e6 2. Nf3 Nc6 3. Be2 Be7 4. O-O b6 5. d3 d5 6. exd5 exd5 7. c4 Nf6 8. Nc3
O-O 9. cxd5 Nxd5 10. Nxd5 Qxd5 11. Be3 Rd8 12. Qd2 Bb7 13. a3 Ne5 14. d4 Qe4 15.
Qc3 Nc6 16. Rfe1 Qg6 17. Bd3 Qg4 18. Be2 Qf5 19. Rad1 Bf6 20. Bd3 Qd5 21. Bf4
Nxd4 22. Bc4 Nxf3+ 23. Qxf3 Qxc4 24. Qxb7 Qxf4 25. Rxd8+ Rxd8 26. Qd5 g6 27. Qb7
Rd2 0-1

[Event "AUTO-ADV-3916"]
[Site "http://www.queenalice.com/game.php?id=1515365"]
[Date "2018.2.10"]
[Round "2"]
[White "Fera65"]
[Black "Paulsains"]
[Result "0-1"]
[WhiteElo "1917"]
[BlackElo "1985"]

1. e4 e5 2. Nf3 Nf6 3. d4 exd4 4. e5 Nd5 5. Qxd4 c6 6. Bc4 Qa5+ 7. Bd2 Bb4 8.
O-O Bxd2 9. Nbxd2 Qb6 10. Qg4 O-O 11. Bxd5 cxd5 12. b3 d6 13. Qh5 dxe5 14. Nxe5
Qd4 15. Ndf3 Qf4 16. Ng5 h6 17. Ngf3 Nc6 18. Nd3 Qf6 19. Qxd5 Be6 20. Qb5 Rab8
21. Rad1 Bg4 22. Qd5 Bxf3 23. Qxf3 Qxf3 24. gxf3 Rfe8 25. Nf4 Ne5 26. Kg2 g5 27.
Nh5 Re6 28. Rfe1 Kh7 29. f4 Nc6 30. Rxe6 fxe6 31. Rd7+ Kg6 32. Ng7 Nd8 33. Kf3
a6 34. Kg4 b5 35. f5+ exf5+ 36. Kg3 Rb7 37. Ne6 Rxd7 38. Nf8+ Kf7 39. Nxd7 Nc6
40. f4 Kg6 41. fxg5 hxg5 42. Nc5 a5 43. a4 bxa4 44. Nxa4 Kh5 45. c4 f4+ 46. Kf3
Kh4 47. c5 Kh3 48. Nc3 Nd4+ 49. Ke4 Nc6 50. Kd5 Na7 51. c6 f3 52. Ne4 g4 53. c7
Kxh2 54. Kc5 g3 0-1

[Event "AUTO-ADV-3916"]
[Site "http://www.queenalice.com/game.php?id=1515368"]
[Date "2018.2.10"]
[Round "2"]
[White "Sigmund"]
[Black "Fera65"]
[Result "0-1"]
[WhiteElo "1864"]
[BlackElo "1922"]

1. d4 Nf6 2. Nf3 d5 3. c4 Nc6 4. Nc3 h6 5. h3 Bf5 6. Bf4 a6 7. e3 Ne4 8. Nxd5 e5
9. dxe5 Be7 10. e6 O-O 11. Bxc7 Qe8 12. Be5 Bb4+ 13. Ke2 Qxe6 14. b3 Nc3+ 15.
Bxc3 Bxc3 16. Nxc3 Nb4 17. Nd4 Qe5 18. g4 Bg6 19. Bg2 Rad8 20. f4 Qe7 21. Re1
Nc2 22. Nd5 Rxd5 23. Bxd5 Qxe3+ 24. Kf1 Bd3+ 25. Ne2 Re8 26. c5 Qg3 27. Bc4 Ne3#
0-1

[Event "AUTO-ADV-3916"]
[Site "http://www.queenalice.com/game.php?id=1515369"]
[Date "2018.2.10"]
[Round "2"]
[White "Fera65"]
[Black "Sigmund"]
[Result "0-1"]
[WhiteElo "1936"]
[BlackElo "1850"]

1. e4 e5 2. d4 d6 3. Nf3 Bg4 4. Be2 Nf6 5. Nc3 exd4 6. Nxd4 c5 7. Bxg4 cxd4 8.
Nd5 Nxd5 9. exd5 Qa5+ 10. Bd2 Qxd5 11. O-O Be7 12. Re1 Nc6 13. Bh3 O-O 14. Qg4
Ne5 15. Qg3 Ng6 16. Qg4 Bf6 17. Red1 Rfe8 18. Be3 Re4 19. Qe2 Rae8 20. c4 Qc5
21. b4 Qb6 22. Bf5 dxe3 23. Bxe4 Bxa1 24. f3 Nf4 25. Bxh7+ Kxh7 26. Qc2+ g6 27.
c5 Qxb4 0-1

[Event "AUTO-ADV-3916"]
[Site "http://www.queenalice.com/game.php?id=1515372"]
[Date "2018.2.10"]
[Round "2"]
[White "Fera65"]
[Black "VamosJogar"]
[Result "0-1"]
[WhiteElo "1894"]
[BlackElo "2075"]

1. e4 d5 2. f3 d4 3. d3 Nc6 4. Ne2 e5 5. a3 f5 6. c3 dxc3 7. Nbxc3 Bc5 8. h4 h6
9. Nd5 Nge7 10. Be3 Bxe3 11. Nxe3 f4 12. Nc4 Be6 13. b3 b5 14. Nd2 Nd4 15. Qb1
Nec6 16. Qc1 O-O 17. Qb2 Qd6 18. b4 a5 19. Rc1 axb4 20. Nxd4 bxa3 21. Rxc6 Qxc6
22. Nxc6 axb2 23. Kf2 Ra1 24. Ke2 Rc1 25. Nb4 Ra8 26. d4 b1=Q 27. Nxb1 Rxb1 0-1

[Event "AUTO-ADV-3916"]
[Site "http://www.queenalice.com/game.php?id=1515373"]
[Date "2018.2.10"]
[Round "2"]
[White "VamosJogar"]
[Black "Fera65"]
[Result "1-0"]
[WhiteElo "2052"]
[BlackElo "1904"]

1. d4 Nf6 2. c4 d5 3. Nc3 Nc6 4. Nf3 h6 5. h3 g5 6. e3 Bf5 7. cxd5 Nxd5 8. Qb3
Nxc3 9. bxc3 Na5 10. Qb5+ c6 11. Qxf5 Nc4 12. Bxc4 e6 13. Qe5 Rh7 14. O-O Bd6
15. Qe4 Rh8 16. Ne5 Bxe5 17. Qxe5 Kd7 18. Ba3 Kc8 19. Rfb1 b5 20. Bxb5 Rb8 21.
Ba6+ 1-0